| 000 | 01283cam a22003255a 4500 | ||
|---|---|---|---|
| 001 | 016457640 | ||
| 003 | OSt | ||
| 005 | 20160524142512.0 | ||
| 008 | 130604s2015 enk frb 001 0 eng d | ||
| 020 | _a9781780766492 (pbk.) | ||
| 040 |
_aStDuBDS _beng _cStDuBDS _dEG-ScBUE |
||
| 041 | 1 |
_aeng _hara |
|
| 082 | 0 | 4 |
_222 _a297.272 _bBAL |
| 100 | 1 | _aBalqazīz, ʿAbd al-Ilāh. | |
| 245 | 1 | 4 |
_aThe state in contemporary Islamic thought : _ba historical survey of the major Muslim political thinkers of the modern era / _cAbdelilah Belkeziz ; translated for The Center for Arab Unity Studies by Abdullah Richard Lux. |
| 260 |
_aLondon ; _aNew York : _bI.B. Tauris Publishers in Association with The Centre for Arab Unity Studies, _c2015. |
||
| 300 |
_axxvi, 320 p. ; _c24 cm. |
||
| 500 | _aOriginally published: 2009. | ||
| 500 | _aIndex : p. [309]-320. | ||
| 504 | _aBibliography : p. [297]-307. | ||
| 546 | _aText in English ; translated from original Arabic. | ||
| 650 | 0 |
_aIslam and state. _2BUEsh |
|
| 650 | 7 |
_aIslam and politics. _2BUEsh _912785 |
|
| 651 | _2BUEsh | ||
| 653 |
_bBUSBOL _cMay2016 |
||
| 700 | 1 |
_aLux, Abdullah Richard, _etranslator. |
|
| 710 | 2 | _aCentre for Arab Unity Studies. | |
| 710 | 2 |
_aMohammed Bin Rashid Al Maktoum Foundation. _938319 |
|
| 942 | _2ddc | ||
| 999 |
_c21809 _d21781 |
||